| 000 | 00706cam a2200229 a 4500 | ||
|---|---|---|---|
| 001 | 20405 | ||
| 003 | BD-RjUL | ||
| 005 | 20211209000548.0 | ||
| 008 | 140227r19501908enkc 000 1 eng | ||
| 035 | _aoxf98416123 | ||
| 035 | _a(BD-RjUL)20467 | ||
| 040 |
_aTXH _cTXH _beng _dBD-RjUL |
||
| 041 | _aeng | ||
| 082 |
_a823.6 _bGOV |
||
| 090 |
_aPR3490 _b.A1 1906 |
||
| 100 | 1 |
_aGoldsmith, Oliver, _d1730?-1774. _958378 |
|
| 245 | 1 | 4 |
_aThe vicar of Wakefield / _c Oliver Goldsmith ; with an introd. by Sir Henry Irving |
| 260 |
_aLondon ; _aNew York : _bCassell and Co, _c1908 [reprinted 1950] |
||
| 300 |
_a192 p. : _bport ; _c16 cm |
||
| 490 | 0 |
_aCassell's national library ; _vnew series, 7. |
|
| 942 |
_2ddc _cBK |
||
| 999 |
_c20405 _d20405 |
||